000 04353cam a22005054i 4500
003 PE-LiUPU
005 20250731172906.0
008 170124s2016 miu rb 000 0 eng d
020 _a0802871933
020 _a9780802871930
035 _a(Sirsi) a166462
040 _aPE-LiUPU
_bspa
_cPE-LiUPU
_erda
049 _aPRUA
082 0 4 _a230.071
_bH79
_223
245 0 0 _aHow youth ministry can change theological education-if we let it :
_breflections from the Lilly Endowment's High School Theology Program Seminar /
_cedited by Kenda Creasy Dean and Christy Lang Hearlson, with Andrew Brubacher Kaethler, Elizabeth Corrie, Katherine M. Douglass, Fred Edie, David Horn, Jeffrey Kaster, Anabel Proffitt, Judy Steers, Brent A. Strawn, Anne Streaty Wimberly, Jacquie Church Young.
264 1 _aGrand Rapids, Michigan :
_bEerdmans Publishing Company,
_c2016.
300 _axxii, 309 páginas ;
_c23 centimetros
336 _atext
_2rdacontent
337 _aunmediated
_2rdamedia
338 _avolume
_2rdacarrier
504 _aÍndices: páginas 301-309.
505 0 _atForeword /
_rCraig Dykstra --
_gPart I.
_tA More Excellent Way : Vocational Discernment as a Practice of Christian Community : --
_g1.
_tTaste tests and teenagers : vocational discernment as a creative social practice /
_rKenda Creasy Dean and Christy Lang Hearlson --
_g2.
_tCalling as creative process : wicked questions for theological education /
_rKenda Creasy Dean and Christy Lang Hearlson --
_gPart II.
_tMore than a Job Fair : Creating Cultures of Vocational Discernment : --
_g3.
_tCatalyzing community : forming the community as catechist /
_rAnabel Proffitt and Jacquie Church Young --
_g4.
_tGive me mentors : pedagogies of spiritual accompaniment /
_rAnne Streaty Wimberly --
_g5.
_tHoly noticing : the power of nomination and commissioning for missional formation /
_rKatherine M. Douglass --
_g6.
_tTaking it home : separation and reintegration as teachable moments /
_rChristy Lang Hearlson --
_gPart III.
_tMore than Summer Camp : Adventures in Vocational Pedagogies : --
_g7.
_tGetting all turned around : truth, disruption, and reorientation in high school theology programs /
_rAndrew Brubacher Kaethler --
_g8.
_tFuel my faith : pedagogies of theological reflection in high school theology programs /
_rJeffrey Kaster --
_g9.
_tThe formative power of awe : pedagogies of worship and wonder /
_rFred Edie --
_g.10.
_tPrepare me for a worthy adventure : pedagogies of pilgrimage in adolescent formation /
_rDavid Horn --
_g11.
_tLet me try : experiential learning in the theological formation of young people /
_rJudy Steers --
_gPart IV.
_tMore than Teenagers : Vocational Discernment in the Lives of Program Staff, Faculty, and Theological Institutions : --
_g12.
_tBecoming Christ's hands and feet in the world : the vocational formation of staff /
_rElizabeth W. Corrie --
_g13.
_tTeaching in a new key : the pedagogical formation of theological faculty /
_rBrent A. Strawn --
_g14.
_tHitting it out of the park : why churches need farm teams /
_rKenda Creasy Dean --
_tAppendixes --
_gA. Research methods for the high school you theology program seminar /
_rKatherine M. Douglas with Kenda Creasy Dean --
_gB.
_tMembers of the High School Theology Program Seminar (2011-2013) --
_gC.
_tTheological programs for high school youth, Lilly Endowment, Inc. (active in 2014)
526 _aSEG42
526 _aSEG41
526 _aSEG40
526 _aSEG39
526 _aP94
526 _aP87
526 _aP86
526 _aP85
526 _aP77
526 _aP76
526 _aP35
650 0 4 _aTrabajo de la Iglesia con los jóvenes.
650 0 4 _aEducación preteológica.
650 0 4 _aTeología
_xEstudio y enseñanza.
_91515
700 1 _aDean, Kenda Creasy,
_d1959-
_eeditor.
710 2 _aLilly Endowment's High School Theology Program.
910 _ajck
_bjvq
_cjck
_d20170124.
942 _2ddc
_cBOOK
949 _a230.071 H79
_wDEWEY
_c1
_i75601
_lCATALOGING
_mBUL
_p20.00
_r0
_sY
_tBOOK
_u2017-01-24
_xTEOLOGIA
_zPOSGRADO TEOLOGÍA
_0COMPRA
_o.CIRCNOTE. El documento es de alto precio.
_o.STAFF. Colección Teología
596 _a1
999 _a230.071 H79
_wLC
_c15202
_i75601
_f2021-11-9
_g6
_lCCODEBUL1
_mBUL
_p20.00
_r0
_sY
_tBOOK
_u2017-1-24
_xTEOLOGIA
_PP85
_0COMPRA
_o.STAFF. Colección Teología
_d15202
980 _81
_gALBERTO SANCHEZ Responsable de Automatización